| 000 | 01362 a2200373 4500 | ||
|---|---|---|---|
| 001 | 57249 | ||
| 999 |
_c57249 _d14502 |
||
| 003 | TR-AnTOB | ||
| 005 | 20200607104530.0 | ||
| 008 | 070115s2003 nyua b 001 0 eng | ||
| 010 | _a2003011394 | ||
| 020 | _a0471460540 (Cloth) | ||
| 040 |
_aDLC _cDLC _dDLC _dDLC |
||
| 041 | _aeng | ||
| 042 | _apcc | ||
| 050 | 0 |
_aQA76.9.D343 _bM58 2003 |
|
| 090 | _aQA76.9.D343 M58 2003 | ||
| 100 |
_aMitra, Sushmita, _d1962- _929808 |
||
| 245 | 0 |
_aData mining : _bmultimedia, soft computing, and bioinformatics / _cSushmita Mitra, Tinku Acharya. |
|
| 264 | 1 |
_aHoboken, NJ : _bJohn Wiley, _c2003. |
|
| 300 |
_axviii, 401 p. : _bill. ; _c25 cm. |
||
| 504 | _aIncludes bibliographical references and index. | ||
| 650 | 7 |
_aVeri madenciliği _2etuturkob _94839 |
|
| 650 | 0 |
_aData mining _96146 |
|
| 700 |
_aAcharya, Tinku _929809 |
||
| 856 | 4 |
_uhttp://www.loc.gov/catdir/bios/wiley046/2003011394.html _3Contributor biographical information |
|
| 857 | 4 |
_uhttp://www.loc.gov/catdir/description/wiley039/2003011394.html _3Publisher description |
|
| 858 | 4 |
_uhttp://www.loc.gov/catdir/toc/wiley031/2003011394.html _3Table of contents |
|
| 859 | 4 |
_uhttp://www.e-streams.com/es0702/es0702_3007.html _3Book review (E-STREAMS) |
|
| 901 | _a0018066 | ||
| 902 | _aSA | ||
| 991 |
_br-SciRR _hQA76.9.D343 _iM58 2003 _tCopy 1 _wGenBib |
||
| 942 | _cBK | ||